01215cam a22002411 4500001001300000003000400013005001700017008004100034010001700075035001900092040004900111042001200160043001200172050001700184082001000201110006700211245014000278260003900418300002700457505043200484650002700916650003000943e 49000023 DLC20260227111233.0820108m19481952dcua f000 0 eng c ae 49000023  a(OCoLC)8049356 aU.S. Office of Education. LibrarycGAuAdDLC apremarc an-us---00aLB1555b.N24 a372.22 aNational Council of State Consultants in Elementary Education.10aPlanning for America's children.c[Prepared in cooperation with elementary staff members, Office of Education, Federal Security Agency. aWashington,c1948-52; pt. 6, 1948] a6 pts.billus.c27 cm.0 a[pt. 1] Committee 1. The characteristics of a good elementary school.-- [pt. 2] Committee 2. Year-round programs for children.-- [pt. 3] Committee 3. Programs for children below six.-- [pt. 4] Committee 4. Modern trends in state-wide curriculum programs.-- [pt. 5] Committee 5. Programs for the continuous professional education of teachers.-- [pt. 6] Committee 6. Desirable schoolhousing, equipment and instructional supplies. 0aEducation, Elementary. 0aEducationzUnited States.